000 00774nam a2200217Ia 4500
003 GCL
008 140319s9999 xx 000 0 ara d
040 _aGCL /
_cGCL
082 0 4 _a212.1
_bص ت
100 1 _aصالح بن طه عبدالواحد
245 1 0 _aتبصرة الانام بالحقوق فى الاسلام /
_cصالح بن طه عبدالواحد
700 1 _aمشهور بن حسن أل سلمان
250 _aالاولى
260 _aالاردن :
_bمكتبة الغرباء ،
_c2006
300 _a512 ص ؛
_c24 سم
650 0 4 _aالاخلاق الاسلامية
650 0 4 _aالاداب الاسلامية
650 0 4 _aالفقه الاسلامى
650 0 4 _aالاسلام - الاصلاح الاجتماعى
942 _2ddc
_cBK
999 _c10001
_d10001